000
00298nam a2200121Ia 4500
008
210430s9999 xx 000 0 und d
020
_a
978-0-07-41564-8
082
_a
621.902 C6499M
100
_a
Cmti
_9
54718
245
_a
Machine tool design handbook
_c
Cmti
300
_a
955
942
_c
BK
_2
ddc
999
_c
565405
_d
565405